Countries With The Most Letters A-Z - Hard Version - Statistics

General Stats
  • This quiz has been taken 37 times
  • The average score is 13 of 26
Answer Stats
Letter Number of Letters Country(s) % Correct
Q 1 Equatorial Guinea | Iraq | Mozambique | Qatar
92%
Z 1 Azerbaijan | Belize | Bosnia and Herzegovina | +12
88%
J 1 Azerbaijan | Djibouti | Fiji | +4
88%
V 1 Bolivia | Bosnia and Herzegovina | Cape Verde | +15
88%
H 1 Afghanistan | Bahamas | Bahrain | +29
85%
B 2 Antigua and Barbuda | Barbados | Zimbabwe
81%
X 1 Luxembourg | Mexico
77%
W 1 Botswana | Eswatini | Kuwait | +9
69%
A 5 Antigua and Barbuda
62%
K 2 Kazakhstan
62%
U 3 Uruguay
62%
C 4 Democratic Republic of the Congo
54%
Y 2 Kyrgyzstan
46%
P 3 Philippines
46%
I 3 Dominican Republic | Kiribati | Philippines | +2
42%
M 2 Mozambique | Myanmar
42%
F 2 Federated States of Micronesia
38%
S 3 Federated States of Micronesia | Marshall Islands | +2
38%
O 4 Democratic Republic of the Congo
31%
G 2 Georgia
27%
R 3 Central African Republic
23%
D 3 Trinidad and Tobago
23%
E 5 Federated States of Micronesia
19%
T 3 Federated States of Micronesia | Saint Kitts and Nevis | +2
19%
L 3 Marshall Islands
19%
N 6 Saint Vincent and the Grenadines
19%
No matching quizzes found
Score Distribution
Percent of People with Each Score
Percentile by Number Answered
Your Score History
You have not taken this quiz